Includes bibliographies (Record no. 15375)

000 -LEADER
fixed length control field 00588nam a22002171 4500
001 - CONTROL NUMBER
control field 15375
003 - CONTROL NUMBER IDENTIFIER
control field BD-DhUET
008 - FIXED-LENGTH DATA ELEMENTS--GENERAL INFORMATION
fixed length control field 731030m19621966njua b 000 0 eng
040 ## - CATALOGING SOURCE
Original cataloging agency DLC
Transcribing agency DLC
Modifying agency BD-DhUET
082 00 - DEWEY DECIMAL CLASSIFICATION NUMBER
Classification number 543
Item number FUR/1966
100 ## - MAIN ENTRY--PERSONAL NAME
Personal name Furman, N. Howell
245 00 - TITLE STATEMENT
Title Includes bibliographies
250 ## - EDITION STATEMENT
Edition statement 6th ed.
260 ## - PUBLICATION, DISTRIBUTION, ETC. (IMPRINT)
Place of publication, distribution, etc. New York
Name of publisher, distributor, etc. Van Nostrand Reinhold
Date of publication, distribution, etc. 1966
300 ## - PHYSICAL DESCRIPTION
Extent xi, (975-2018)p.
Other physical details ill.
500 ## - GENERAL NOTE
General note Vol.3 (Instrumental methods)
Part. B
504 ## - BIBLIOGRAPHY, ETC. NOTE
Bibliography, etc Includes bibliographies
650 #0 - SUBJECT ADDED ENTRY--TOPICAL TERM
Topical term or geographic name as entry element Chemistry, Analytic
700 ## - ADDED ENTRY--PERSONAL NAME
Personal name Welcher, Frank J.
942 ## - ADDED ENTRY ELEMENTS (KOHA)
Koha item type Edited Book
Holdings
Copy number Withdrawn status Date acquired Location (home branch) Lost status Koha normalized classification for sorting Koha item type Shelving location Not for loan Koha date last seen Sublocation or collection (holding branch) Price effective from Piece designation (barcode) Source of classification or shelving scheme Koha full call number Damaged status
1 2015-03-12Central Library, BUET 543_000000000000000_FUR_1966Edited BookCirculation section 2015-03-12Central Library, BUET2015-03-1228818 543/FUR/1966 
2 2015-03-12Central Library, BUET 543_000000000000000_FUR_1966Edited BookCirculation section 2015-03-12Central Library, BUET2015-03-1228828 543/FUR/1966 
4 2015-03-12Central Library, BUET 543_000000000000000_FUR_1966Edited BookCirculation section 2015-03-12Central Library, BUET2015-03-1228836 543/FUR/1966 
5 2015-03-12Central Library, BUET 543_000000000000000_FUR_1966Edited BookCirculation section 2015-03-12Central Library, BUET2015-03-1228831 543/FUR/1966 
6 2015-03-12Central Library, BUET 543_000000000000000_FUR_1966Edited BookCirculation section 2015-03-12Central Library, BUET2015-03-1238894 543/FUR/1966 
7 2015-03-12Central Library, BUET 543_000000000000000_FUR_1966Edited BookCirculation section 2018-02-20Central Library, BUET2015-03-1228827 543/FUR/1966 
8 2015-03-12Central Library, BUET 543_000000000000000_FUR_1966Edited BookCirculation section 2015-03-12Central Library, BUET2015-03-1228837 543/FUR/1966 
9 2015-03-12Central Library, BUET 543_000000000000000_FUR_1966Edited BookCirculation section 2015-03-12Central Library, BUET2015-03-1228826 543/FUR/1966 
10 2015-03-12Central Library, BUET 543_000000000000000_FUR_1966Edited BookCirculation section 2015-03-12Central Library, BUET2015-03-1228832 543/FUR/1966